|
|
|
|
| LEADER |
02266nam a2200373 a 4500 |
| 001 |
2126104 |
| 003 |
BD-DhAAL |
| 008 |
091101s1998 njua b 001 0 eng d |
| 999 |
|
|
|c 4989
|d 4989
|
| 010 |
|
|
|a \\\97033459
|
| 020 |
|
|
|a 0691017069 (cl : alk. paper)
|
| 020 |
|
|
|a 0195646541
|
| 020 |
|
|
|a 9780195649000
|
| 020 |
|
|
|a 0195649001
|
| 040 |
|
|
|a DLC
|c DLC
|d DLC
|d BD-DhAAL
|
| 050 |
0 |
0 |
|a HD75
|b .R39 1998
|
| 082 |
0 |
0 |
|a 338.9
|2 23
|
| 100 |
1 |
|
|a Ray, Debraj.
|9 37457
|
| 245 |
1 |
0 |
|a Development economics /
|c Debraj Ray.
|
| 260 |
|
|
|a Princeton, N.J. ;
|a New Dhlhi, :
|b Princeton University Press;
|b Oxford University press,
|c c1998. [Ninth impression 2005]
|
| 300 |
|
|
|a xvii, 848 pages :
|b illustrations ;
|c 26 cm.
|
| 504 |
|
|
|a Includes bibliographical references (pages [805]-828) and indexes.
|
| 526 |
|
|
|a ESS
|
| 541 |
1 |
|
|a Complimentary copy from Professor Dr. Nasreen Khundker
Donated By Akbar Ali Khan
|e 00011180, 36662, 38301
|
| 650 |
|
0 |
|a Development economics.
|9 37458
|
| 650 |
|
0 |
|a Economics
|9 37459
|
| 852 |
4 |
|
|a Ayesha Abed Library
|j General shelf
|
| 942 |
0 |
0 |
|0 1
|2 ddc
|c BK
|
| 952 |
|
|
|0 0
|1 0
|2 ddc
|4 0
|6 338_900000000000000_RAY_1998
|7 0
|9 4813
|a BRACUL
|b BRACUL
|c GEN
|d 2009-11-02
|g 975.00
|l 16
|m 135
|o 338.9 RAY
|p 3010011180
|r 2026-05-07
|s 2026-05-07
|t 1
|w 2009-11-02
|y BK
|
| 952 |
|
|
|0 0
|1 0
|2 ddc
|4 0
|6 338_900000000000000_RAY_1998
|7 0
|9 5608
|a BRACUL
|b BRACUL
|c GEN
|d 2009-11-21
|g 0.00
|l 19
|m 202
|o 338.9 RAY
|p 3010010391
|r 2026-01-04
|s 2025-06-25
|t 2
|w 2009-11-21
|y BK
|x No price found in the accession register.
|
| 952 |
|
|
|0 0
|1 0
|2 ddc
|4 0
|6 338_900000000000000_RAY_1998
|7 0
|9 8315
|a BRACUL
|b BRACUL
|c GEN
|d 2010-02-18
|l 15
|m 159
|o 338.9 RAY
|p 3010007406
|r 2026-02-28
|s 2025-07-28
|t 3
|w 2010-02-18
|y BK
|
| 952 |
|
|
|0 0
|1 0
|2 ddc
|4 0
|6 338_900000000000000_RAY_1998
|7 0
|9 13520
|a BRACUL
|b BRACUL
|c GEN
|d 2010-12-07
|e TRIM EDUCATION
|l 20
|m 206
|o 338.9 RAY
|p 3010021572
|r 2026-01-15
|s 2025-10-29
|t 4
|w 2010-12-07
|y BK
|
| 952 |
|
|
|0 0
|1 0
|2 ddc
|4 0
|6 338_900000000000000_RAY
|7 0
|9 67227
|a BRACUL
|b BRACUL
|c GEN
|d 2019-11-20
|e Complimentary copy from Professor Dr. Nasreen Khundker.
|l 6
|m 63
|o 338.9 RAY
|p 3010036662
|q 2026-06-02
|r 2026-03-02
|s 2026-03-02
|t 5
|w 2019-11-20
|y BK
|
| 952 |
|
|
|0 0
|1 0
|2 ddc
|4 0
|6 338_900000000000000_RAY
|7 1
|9 70341
|a BRACUL
|b BRACUL
|c AAKC
|d 2022-04-03
|e Donated by Akbar Ali Khan
|l 0
|o 338.9 RAY
|p 3010038301
|r 2022-04-03
|t 6
|w 2022-04-03
|y BK
|